[Event "VEN-ch"]
[Site "Barquisimeto"]
[Date "2019.04.17"]
[Round "7"]
[White "Mendoza Aguilar, Gustavo Andres"]
[Black "Diaz Leon, Richard"]
[Result "1-0"]
[WhiteElo "2145"]
[BlackElo "2065"]
[PlyCount "82"]
[EventDate "2019.04.13"]
[EventType "swiss"]
[EventRounds "9"]
[EventCountry "VEN"]
[SourceTitle "CBM 189 Extra"]
[Source "ChessBase"]
[SourceDate "2019.06.03"]
[SourceVersion "1"]
[SourceVersionDate "2019.06.03"]
[SourceQuality "1"]

1. e4 e5 2. Nf3 Nc6 3. Bb5 a6 4. Ba4 Nf6 5. d3 d6 6. c3 g6 7. h3 Bg7 8. Qe2 Bd7 9. Bc2 Nh5 10. g4 Nf4 11. Bxf4 exf4 12. Nbd2 b5 13. d4 0-0 14. Kf1 Re8 15. Qd3 Qc8 16. Kg2 Qb7 17. Rag1 a5 18. a3 a4 19. Bb1 Na5 20. Ba2 c5 21. dxc5 dxc5 22. Qd6 c4 23. Qxf4 Nc6 24. Re1 Rad8 25. Bb1 Ne5 26. Nd4 Kh8 27. N2f3 Re7 28. Re3 Rf8 29. Rhe1 f6 30. Kg1 Nf7 31. Bc2 Qb6 32. R1e2 Qc5 33. Qg3 Rfe8 34. h4 Qc8 35. Nh2 Rg8 36. f4 Rge8 37. g5 Qc5 38. Nhf3 Bc8 39. Kh2 Bb7 40. gxf6 Bxf6 41. e5 Bg7 1-0

[Event "Porlamar FVA"]
[Site "Porlamar"]
[Date "2018.03.17"]
[Round "6.2"]
[White "Blanco Ronquillo, Humberto L"]
[Black "Diaz Leon, Richard"]
[Result "1-0"]
[WhiteElo "2453"]
[BlackElo "2089"]
[PlyCount "57"]
[EventDate "2018.03.14"]
[EventType "tourn"]
[EventRounds "9"]
[EventCountry "VEN"]
[SourceTitle "EXT 2022"]
[Source "ChessBase"]
[SourceDate "2021.10.06"]
[SourceVersion "1"]
[SourceVersionDate "2021.10.06"]
[SourceQuality "1"]

1. e4 e5 2. Nf3 Nc6 3. Bc4 Nf6 4. d3 Bc5 5. 0-0 d6 6. c3 a6 7. a4 h6 8. Re1 0-0 9. h3 Ba7 10. Nbd2 Be6 11. Bxe6 fxe6 12. b4 Nh5 13. Nf1 Qf6 14. Be3 Nf4 15. b5 Ne7 16. bxa6 bxa6 17. Kh2 g5 18. Ng1 Kh8 19. g3 c5 20. Rb1 d5 21. gxf4 gxf4 22. Bc1 c4 23. Ba3 Bxf2 24. Re2 Bxg1+ 25. Kxg1 f3 26. Rf2 Rg8+ 27. Kh1 Qg5 28. Nh2 Ng6 29. Qxf3 1-0

[Event "Porlamar Margarita"]
[Site "Porlamar"]
[Date "2018.03.11"]
[Round "9"]
[White "Diaz Leon, Richard"]
[Black "Descarrega Zacarias, Vanessa"]
[Result "1-0"]
[WhiteElo "2089"]
[BlackElo "1939"]
[PlyCount "67"]
[EventDate "2018.03.07"]
[EventType "tourn"]
[EventRounds "9"]
[EventCountry "VEN"]
[SourceTitle "EXT 2019"]
[Source "ChessBase"]
[SourceDate "2018.10.10"]
[SourceVersion "1"]
[SourceVersionDate "2018.10.10"]
[SourceQuality "1"]

1. e4 c5 2. Nf3 d6 3. d4 cxd4 4. Nxd4 Nf6 5. Nc3 a6 6. a4 e6 7. Bc4 Be7 8. 0-0 0-0 9. Be3 b6 10. f3 Bb7 11. Qd2 Nbd7 12. Rfd1 Rc8 13. Qe2 Nc5 14. e5 Ne8 15. Nb3 Qc7 16. Nxc5 dxc5 17. Bxa6 Bxa6 18. Qxa6 Rb8 19. Bf4 Qc6 20. Qb5 Qc8 21. Qd7 Bd8 22. Nb5 Nc7 23. c4 Na6 24. Na7 Qxd7 25. Rxd7 Bc7 26. Nc6 Ra8 27. b3 f6 28. Rad1 fxe5 29. Bxe5 Bxe5 30. Nxe5 Rf5 31. Rd8+ Rxd8 32. Rxd8+ Rf8 33. Rd6 Nb4 34. Rxb6 1-0

[Event "Porlamar Margarita"]
[Site "Porlamar"]
[Date "2018.03.10"]
[Round "7"]
[White "Diaz Leon, Richard"]
[Black "De Los Santos, Jennibet"]
[Result "0-1"]
[WhiteElo "2089"]
[BlackElo "1907"]
[PlyCount "88"]
[EventDate "2018.03.07"]
[EventType "tourn"]
[EventRounds "9"]
[EventCountry "VEN"]
[SourceTitle "EXT 2019"]
[Source "ChessBase"]
[SourceDate "2018.10.10"]
[SourceVersion "1"]
[SourceVersionDate "2018.10.10"]
[SourceQuality "1"]

1. e4 c5 2. Nf3 d6 3. d4 cxd4 4. Qxd4 Nc6 5. Bb5 Bd7 6. Bxc6 Bxc6 7. 0-0 Nf6 8. Re1 Qa5 9. Nc3 Qh5 10. Qd3 e6 11. Nd4 a6 12. Bf4 Qg4 13. Bg3 Bd7 14. Nb3 e5 15. Na5 Bc6 16. Rad1 Be7 17. Nc4 Rd8 18. Ne3 Qd7 19. Nf5 0-0 20. Bxe5 dxe5 21. Qxd7 Bxd7 22. Nxe7+ Kh8 23. f3 Be6 24. Kf2 Rd7 25. Rxd7 Nxd7 26. Rd1 Nb6 27. b3 h5 28. h4 Re8 29. Ned5 Nxd5 30. Nxd5 Rc8 31. c4 b5 32. Rc1 Rc5 33. Ke2 bxc4 34. Rxc4 Ra5 35. Ra4 Rxa4 36. bxa4 a5 37. a3 f5 38. g3 Bxd5 39. exd5 Kg8 40. Kd3 Kf7 41. f4 e4+ 42. Kd4 Ke7 43. Kc5 Kd7 44. Kc4 Kd6 0-1

[Event "Porlamar Margarita"]
[Site "Porlamar"]
[Date "2018.03.10"]
[Round "6"]
[White "Sanchez Alvarez, Kelvin Antonio"]
[Black "Diaz Leon, Richard"]
[Result "1-0"]
[WhiteElo "2261"]
[BlackElo "2089"]
[PlyCount "43"]
[EventDate "2018.03.07"]
[EventType "tourn"]
[EventRounds "9"]
[EventCountry "VEN"]
[SourceTitle "EXT 2019"]
[Source "ChessBase"]
[SourceDate "2018.10.10"]
[SourceVersion "1"]
[SourceVersionDate "2018.10.10"]
[SourceQuality "1"]

1. e4 e5 2. Nf3 Nc6 3. d4 exd4 4. Nxd4 Bb4+ 5. c3 Bc5 6. Be3 Bb6 7. Nf5 g6 8. Bxb6 axb6 9. Ne3 Nf6 10. f3 0-0 11. Qd2 Re8 12. Be2 Qe7 13. c4 Ne5 14. Nc3 d6 15. 0-0 h5 16. b3 Be6 17. Rae1 c6 18. Bd1 Rad8 19. Qd4 Qc7 20. f4 Neg4 21. f5 gxf5 22. exf5 1-0

[Event "San Pedro del Rio FVA Cup"]
[Site "San Pedro del Rio"]
[Date "2018.02.08"]
[Round "2"]
[White "Brizuela Abreu, Ronald Jesus"]
[Black "Diaz Leon, Richard"]
[Result "1-0"]
[WhiteElo "2327"]
[BlackElo "2143"]
[PlyCount "77"]
[EventDate "2018.02.07"]
[EventType "tourn"]
[EventRounds "9"]
[EventCountry "VEN"]
[EventCategory "2"]
[SourceTitle "CBM 182 Extra"]
[Source "ChessBase"]
[SourceDate "2018.02.23"]
[SourceVersion "1"]
[SourceVersionDate "2018.02.23"]
[SourceQuality "1"]

1. c4 Nf6 2. Nc3 e5 3. g3 Bb4 4. Na4 0-0 5. Bg2 Re8 6. Qb3 Na6 7. a3 Bf8 8. Qc2 e4 9. f3 d5 10. cxd5 Bf5 11. fxe4 Nxe4 12. d3 Nec5 13. Nxc5 Nxc5 14. Kf2 a5 15. Bf4 g5 16. Be3 Qf6 17. Qc3 Qb6 18. Bd4 Qb5 19. Rd1 Nb3 20. Bf6 h6 21. e4 Ra6 22. Ne2 Bg4 23. h3 Rxf6+ 24. Qxf6 Bg7 25. Qxg7+ Kxg7 26. hxg4 Nc5 27. Ke3 Qxb2 28. Rb1 Qxa3 29. Rhd1 a4 30. Nd4 Nb3 31. Nf5+ Kg6 32. Bf1 Qc5+ 33. d4 Qxd5 34. Bd3 Qd8 35. Rh1 Rh8 36. e5 c5 37. d5 c4 38. Be4 Qb6+ 39. Ke2 1-0

[Event "San Cristobal FISS op 28th"]
[Site "San Cristobal"]
[Date "2018.02.02"]
[Round "5"]
[White "Diaz Leon, Richard"]
[Black "Rivera, Ingris"]
[Result "1-0"]
[WhiteElo "2202"]
[BlackElo "2229"]
[PlyCount "69"]
[EventDate "2018.01.31"]
[EventType "tourn"]
[EventRounds "9"]
[EventCountry "VEN"]
[SourceTitle "CBM 182 Extra"]
[Source "ChessBase"]
[SourceDate "2018.02.23"]
[SourceVersion "1"]
[SourceVersionDate "2018.02.23"]
[SourceQuality "1"]

1. e4 c5 2. Nf3 d6 3. d4 cxd4 4. Qxd4 Bd7 5. c4 Nc6 6. Qd2 g6 7. Be2 Bg7 8. 0-0 Rc8 9. Nc3 Na5 10. b3 b5 11. Bb2 bxc4 12. Nd5 c3 13. Bxc3 Bxc3 14. Nxc3 Nf6 15. Nd5 Nxd5 16. exd5 0-0 17. Qh6 f6 18. Bd3 Rf7 19. Rac1 e5 20. dxe6 Bxe6 21. Nd4 Bd5 22. h4 Nc6 23. Nxc6 Rxc6 24. Rcd1 Be6 25. Rfe1 d5 26. Re3 Bd7 27. Rde1 Rc8 28. Rg3 Rg7 29. Bxg6 hxg6 30. Rxg6 Rxg6 31. Qxg6+ Kf8 32. Qh6+ Kf7 33. Qh7+ Kf8 34. h5 Be8 35. h6 1-0

[Event "Valencia Martis Cup (Women) 1st"]
[Site "Valencia"]
[Date "2017.12.09"]
[Round "8"]
[White "Franco Valencia, Beatriz Irene"]
[Black "Diaz Leon, Richard"]
[Result "1/2-1/2"]
[WhiteElo "2220"]
[BlackElo "2177"]
[PlyCount "34"]
[EventDate "2017.12.05"]
[EventType "tourn"]
[EventRounds "9"]
[EventCountry "VEN"]
[SourceTitle "CBM 182 Extra"]
[Source "ChessBase"]
[SourceDate "2018.02.23"]
[SourceVersion "1"]
[SourceVersionDate "2018.02.23"]
[SourceQuality "1"]

1. d4 d5 2. c4 c6 3. Nc3 Nf6 4. e3 a6 5. Qc2 b5 6. b3 Bg4 7. Nge2 Bh5 8. Nf4 Bg6 9. Nxg6 hxg6 10. Bb2 e6 11. Be2 Nbd7 12. a3 Bd6 13. e4 dxe4 14. Nxe4 Nxe4 15. Qxe4 Qa5+ 16. Kf1 bxc4 17. Qxc6 Ke7 1/2-1/2

[Event "Valencia Martis Cup (Women) 1st"]
[Site "Valencia"]
[Date "2017.12.07"]
[Round "5"]
[White "Diaz Leon, Richard"]
[Black "Hernandez Bonilla, Amelia"]
[Result "1-0"]
[WhiteElo "2177"]
[BlackElo "2108"]
[PlyCount "63"]
[EventDate "2017.12.05"]
[EventType "tourn"]
[EventRounds "9"]
[EventCountry "VEN"]
[SourceTitle "CBM 182 Extra"]
[Source "ChessBase"]
[SourceDate "2018.02.23"]
[SourceVersion "1"]
[SourceVersionDate "2018.02.23"]
[SourceQuality "1"]

1. e4 c5 2. Nf3 d6 3. d4 cxd4 4. Nxd4 Nf6 5. Nc3 Nc6 6. Bg5 Bd7 7. Qd2 a6 8. 0-0-0 e6 9. f3 h6 10. Be3 b5 11. Kb1 Be7 12. g4 Qa5 13. h4 Rc8 14. Bd3 Nxd4 15. Bxd4 e5 16. Be3 Be6 17. a3 Nd7 18. Rdg1 Nb6 19. Bxb6 Qxb6 20. Nd5 Bxd5 21. exd5 Bxh4 22. g5 Bf2 23. gxh6 Bxg1 24. hxg7 Rg8 25. Rh8 Kd7 26. Bf5+ Kc7 27. Bxc8 Rxg7 28. Qh6 Qf2 29. Bf5 Qf1+ 30. Ka2 Rg2 31. Rc8+ Kb7 32. Qxd6 1-0

[Event "Porlamar"]
[Site "Porlamar"]
[Date "2016.12.10"]
[Round "5"]
[White "Diaz Leon, Richard"]
[Black "Guerrero Vargas, Andres Jesus"]
[Result "0-1"]
[WhiteElo "2157"]
[BlackElo "2315"]
[PlyCount "47"]
[EventDate "2016.12.08"]
[EventType "tourn"]
[EventRounds "9"]
[EventCountry "VEN"]
[EventCategory "1"]
[SourceTitle "CBM 176 Extra"]
[Source "ChessBase"]
[SourceDate "2017.03.02"]
[SourceVersion "1"]
[SourceVersionDate "2017.03.02"]
[SourceQuality "1"]

1. e4 c5 2. Nf3 e6 3. d4 cxd4 4. Nxd4 Nc6 5. Nxc6 bxc6 6. Bd3 d5 7. 0-0 Nf6 8. Nc3 Qc7 9. Qf3 Be7 10. exd5 cxd5 11. Bf4 Qb6 12. Be5 0-0 13. Rad1 Ba6 14. Bd4 Qc6 15. Rfe1 Bxd3 16. Rxd3 Rfe8 17. Re5 Nd7 18. Rh5 f6 19. Qh3 Nf8 20. Rg3 Rab8 21. Qg4 g6 22. b3 e5 23. Rxe5 fxe5 24. Bxe5 0-1

[Event "Porlamar"]
[Site "Porlamar"]
[Date "2016.12.09"]
[Round "3"]
[White "Diaz Leon, Richard"]
[Black "Coto Mederos, Michel"]
[Result "1-0"]
[WhiteElo "2157"]
[BlackElo "2357"]
[PlyCount "87"]
[EventDate "2016.12.08"]
[EventType "tourn"]
[EventRounds "9"]
[EventCountry "VEN"]
[EventCategory "1"]
[SourceTitle "CBM 176 Extra"]
[Source "ChessBase"]
[SourceDate "2017.03.02"]
[SourceVersion "1"]
[SourceVersionDate "2017.03.02"]
[SourceQuality "1"]

1. e4 c5 2. Nf3 Nc6 3. Bb5 Nd4 4. Nxd4 cxd4 5. c4 g6 6. d3 e6 7. 0-0 Bg7 8. f4 Ne7 9. g4 0-0 10. f5 f6 11. Bf4 Qb6 12. Nd2 e5 13. Bg3 d6 14. b4 a6 15. Qb3 Kh8 16. Ba4 Bh6 17. Nf3 Qc7 18. Qd1 b6 19. Bb3 Bb7 20. Bh4 Be3+ 21. Kh1 a5 22. bxa5 bxa5 23. Qe1 Qc6 24. Bd1 Qc7 25. Rb1 Bc6 26. h3 Kg7 27. g5 fxg5 28. Nxg5 Bxg5 29. Bxg5 Nxf5 30. Kh2 Ne7 31. Rg1 Rf7 32. Qh4 Ng8 33. Be2 Rb8 34. Rbf1 Rb2 35. Rxf7+ Qxf7 36. Rg2 h6 37. Bc1 Rb7 38. Bh5 Be8 39. Qd8 Ne7 40. Qxd6 Qf6 41. Bxh6+ Kf7 42. Rxg6 Nxg6 43. Qf8+ Ke6 44. Bg4+ 1-0

[Event "Porlamar"]
[Site "Porlamar"]
[Date "2016.12.08"]
[Round "1"]
[White "Diaz Leon, Richard"]
[Black "Uzcategui Rodriguez, Alejandro"]
[Result "1-0"]
[WhiteElo "2157"]
[BlackElo "2195"]
[PlyCount "79"]
[EventDate "2016.12.08"]
[EventType "tourn"]
[EventRounds "9"]
[EventCountry "VEN"]
[EventCategory "1"]
[SourceTitle "CBM 176 Extra"]
[Source "ChessBase"]
[SourceDate "2017.03.02"]
[SourceVersion "1"]
[SourceVersionDate "2017.03.02"]
[SourceQuality "1"]

1. e4 e6 2. d4 d5 3. Nd2 Nf6 4. e5 Nfd7 5. c3 c5 6. f4 Nc6 7. Ndf3 Qb6 8. Kf2 f6 9. Kg3 Be7 10. h4 Nf8 11. Rb1 Bd7 12. b4 c4 13. h5 a5 14. b5 Nd8 15. a4 Nf7 16. Nh3 0-0-0 17. Be2 g6 18. exf6 Bxf6 19. Ne5 Nd6 20. Kh2 gxh5 21. Bxh5 Ng6 22. Qe1 Ne4 23. g3 Rdf8 24. Nxd7 Kxd7 25. Bf3 Nd6 26. Ba3 Re8 27. Qe2 Nf5 28. Bg4 h5 29. Bxh5 Reg8 30. Rhg1 Qd8 31. Rbe1 Qe8 32. g4 Ng7 33. f5 exf5 34. Qg2 Qb8+ 35. Kh1 Nf4 36. Nxf4 Qxf4 37. Qxd5+ Kc8 38. Bd6 Rxh5+ 39. gxh5 Qh4+ 40. Bh2 1-0

[Event "Caracas Bandes Cup 1st"]
[Site "Caracas"]
[Date "2014.03.01"]
[Round "1"]
[White "Diaz Leon, Richard"]
[Black "Ramirez Marino, Richard Daniel"]
[Result "1-0"]
[WhiteElo "2160"]
[BlackElo "2031"]
[PlyCount "75"]
[EventDate "2014.03.01"]
[EventType "swiss"]
[EventRounds "7"]
[EventCountry "VEN"]
[SourceTitle "EXT 2018"]
[Source "ChessBase"]
[SourceDate "2017.10.13"]
[SourceVersion "1"]
[SourceVersionDate "2017.10.13"]
[SourceQuality "1"]

1. e4 e5 2. Nf3 Nc6 3. d4 exd4 4. Nxd4 Nf6 5. Nxc6 bxc6 6. e5 Qe7 7. Qe2 Nd5 8. c4 Nb6 9. b3 Qe6 10. Bb2 a5 11. g3 Ba6 12. Bg2 Bb4+ 13. Nc3 a4 14. Rc1 0-0 15. 0-0 Rfe8 16. Qc2 a3 17. Ba1 Qh6 18. f4 Bb7 19. Ne2 d5 20. Nd4 Bc8 21. cxd5 Nxd5 22. Qf2 Bd7 23. Rc4 Ba5 24. Kh1 Bb6 25. Qd2 Rxe5 26. Nxc6 Rh5 27. Bxd5 Re8 28. Bxf7+ Kxf7 29. Qxd7+ Kf8 30. Rc2 Qg6 31. Ne5 Qe4+ 32. Rg2 Rf5 33. Qd1 c6 34. Nd7+ Kf7 35. Nxb6 Qe6 36. Qd7+ Qxd7 37. Nxd7 Rd8 38. Ne5+ 1-0

[Event "Caracas Bandes Cup 1st"]
[Site "Caracas"]
[Date "2014.03.01"]
[Round "2"]
[White "Vidal Melendez, Ismael David"]
[Black "Diaz Leon, Richard"]
[Result "1/2-1/2"]
[WhiteElo "2275"]
[BlackElo "2160"]
[PlyCount "115"]
[EventDate "2014.03.01"]
[EventType "swiss"]
[EventRounds "7"]
[EventCountry "VEN"]
[SourceTitle "EXT 2018"]
[Source "ChessBase"]
[SourceDate "2017.10.13"]
[SourceVersion "1"]
[SourceVersionDate "2017.10.13"]
[SourceQuality "1"]

1. d4 Nf6 2. c4 g6 3. Nc3 Bg7 4. e4 d6 5. Be2 0-0 6. Bg5 c5 7. d5 Na6 8. f3 Nc7 9. Qd2 Re8 10. g4 Rb8 11. h4 a6 12. h5 b5 13. hxg6 fxg6 14. Nh3 bxc4 15. Nf4 Nb5 16. Bh6 Bh8 17. Bxc4 Nxc3 18. bxc3 Nd7 19. Be2 Qa5 20. Rc1 Ne5 21. Nd3 Nc4 22. Qc2 Bd7 23. Bd1 Bd4 24. Bg5 Rf8 25. Bxe7 Rf7 26. Bg5 Na3 27. Qd2 Nc4 28. Qc2 Be3 29. Bxe3 Nxe3 30. Qe2 Nxd1 31. Qxd1 Rbf8 32. 0-0 Bxg4 33. Ne1 Qxa2 34. Qd3 Qa5 35. Rf2 Qd8 36. Rcc2 Qh4 37. Qe3 Bxf3 38. Rxf3 Rxf3 39. Nxf3 Qg3+ 40. Rg2 Qxf3 41. Qxf3 Rxf3 42. Ra2 Rxc3 43. Rxa6 Rc4 44. Rxd6 Rxe4 45. Rc6 c4 46. Kf2 Rd4 47. Rc5 Kg7 48. Ke3 Rh4 49. d6 Kf6 50. Rd5 Rh5 51. Rd1 Re5+ 52. Kd4 Re8 53. Kxc4 h5 54. Kd5 h4 55. d7 Rb8 56. Ke4 Ke7 57. Kf4 Kd8 58. Kg5 1/2-1/2

[Event "Caracas Metro"]
[Site "Fuerte Tiuna"]
[Date "2014.02.16"]
[Round "8"]
[White "Leyva Proenza, Ricardo"]
[Black "Diaz Leon, Richard"]
[Result "1-0"]
[WhiteElo "2362"]
[BlackElo "2210"]
[PlyCount "63"]
[EventDate "2014.02.12"]
[EventType "tourn"]
[EventRounds "9"]
[EventCountry "VEN"]
[SourceTitle "CBM 158 Extra"]
[Source "ChessBase"]
[SourceDate "2014.02.28"]
[SourceVersion "1"]
[SourceVersionDate "2014.02.28"]
[SourceQuality "1"]

1. e4 c6 2. d4 d5 3. e5 Bf5 4. Nc3 e6 5. g4 Bg6 6. Nge2 Ne7 7. Nf4 a6 8. h4 h5 9. Nxg6 Nxg6 10. Bg5 Be7 11. gxh5 Nxh4 12. Bxh4 Bxh4 13. Qg4 Bg5 14. f4 Bh6 15. 0-0-0 Nd7 16. Kb1 Nf8 17. Na4 Nd7 18. Rh3 b5 19. Nc3 Qe7 20. Bd3 0-0-0 21. Ne2 f5 22. exf6 gxf6 23. Re3 Rde8 24. Bg6 f5 25. Qh3 Qd6 26. Bxe8 Rxe8 27. Qh4 Qf8 28. Nc1 Nf6 29. Nd3 Ne4 30. Rg1 Kb7 31. a3 Re7 32. Rg6 1-0

[Event "El Sauzal op 5th"]
[Site "El Sauzal"]
[Date "2004.11.07"]
[Round "6"]
[White "Diaz Leon, Richard"]
[Black "Meijers, Viesturs"]
[Result "0-1"]
[WhiteElo "2245"]
[BlackElo "2465"]
[PlyCount "52"]
[EventDate "2004.11.06"]
[EventType "swiss (rapid)"]
[EventRounds "9"]
[EventCountry "ESP"]
[SourceTitle "CBM 103 Extra"]
[Source "ChessBase"]
[SourceDate "2005.01.01"]
[SourceVersion "1"]
[SourceVersionDate "2005.01.01"]
[SourceQuality "1"]

1. e4 c5 2. Nf3 e6 3. d4 cxd4 4. Nxd4 a6 5. Nc3 b5 6. Bd3 Bb7 7. 0-0 Qc7 8. Kh1 Nf6 9. a3 h5 10. Qe2 Bc5 11. Nb3 Ng4 12. f4 Ba7 13. e5 d5 14. exd6 Qxd6 15. Na5 Bc6 16. Ne4 Qc7 17. Nxc6 Nxc6 18. c3 Ne7 19. h3 Rd8 20. g3 Qc6 21. hxg4 hxg4+ 22. Kg2 f5 23. Be3 fxe4 24. Bc2 Nf5 25. Rh1 Rxh1 26. Rxh1 Nxe3+ 0-1

[Event "El Sauzal op 5th"]
[Site "El Sauzal"]
[Date "2004.11.06"]
[Round "3"]
[White "Krivoshey, Sergei"]
[Black "Diaz Leon, Richard"]
[Result "0-1"]
[WhiteElo "2499"]
[BlackElo "2245"]
[PlyCount "100"]
[EventDate "2004.11.06"]
[EventType "swiss (rapid)"]
[EventRounds "9"]
[EventCountry "ESP"]
[SourceTitle "CBM 103 Extra"]
[Source "ChessBase"]
[SourceDate "2005.01.01"]
[SourceVersion "1"]
[SourceVersionDate "2005.01.01"]
[SourceQuality "1"]

1. Nf3 d5 2. d4 c6 3. c4 Nf6 4. e3 e6 5. Bd3 Nbd7 6. 0-0 Bd6 7. Nc3 0-0 8. e4 dxc4 9. Bxc4 e5 10. Bg5 Qc7 11. h3 b5 12. Bb3 b4 13. Na4 Nxe4 14. Be3 Ba6 15. Re1 Rae8 16. Rc1 exd4 17. Bxd4 c5 18. Be3 Nb6 19. Nd2 Nxd2 20. Qxd2 Rd8 21. Kh1 Nxa4 22. Bxa4 Be5 23. Qc2 c4 24. Bxa7 Bd4 25. Bxd4 Rxd4 26. Rcd1 Qd6 27. Bc6 g6 28. Bf3 Bc8 29. Rxd4 Qxd4 30. Rd1 Qf4 31. Qe4 Qxe4 32. Bxe4 Be6 33. Kg1 Rc8 34. f3 Rc5 35. Kf2 Ra5 36. Bb1 c3 37. bxc3 bxc3 38. Rc1 Bxa2 39. Bxa2 Rxa2+ 40. Kg3 c2 41. Kf2 Kg7 42. Ke2 Kf6 43. Kd2 Ke5 44. g3 h5 45. h4 Kd4 46. Re1 c1Q+ 47. Kxc1 Ra1+ 48. Kd2 Rxe1 49. Kxe1 Ke3 50. f4 Kf3 0-1